LEADER 00947nam a2200253 i 4500 001 991001728129707536 005 20020507151036.0 008 001121s1982 it ||| | ita 035 $ab11555464-39ule_inst 035 $aLE02723920$9ExL 040 $aDip.to Studi Giuridici$bita 082 0 $a346 084 $aCM-XII/C 100 1 $aGasperoni, Nicola$0113766 245 10$aAzioni di societa e altre problematiche societarie e di diritto privato /$cNicola Gasperoni 260 $aPadova :$bCEDAM,$c1982 300 $aviii, 515 p. ;$c25 cm. 650 4$aAzioni sociali$xDiritto 907 $a.b11555464$b21-09-06$c02-07-02 912 $a991001728129707536 945 $aLE027 CM-XII/C 14$g1$i2027000189021$lle027$o-$pE0.00$q-$rl$s- $t0$u1$v0$w1$x0$y.i11756494$z02-07-02 996 $aAzioni di societa' e altre problematiche societarie e di diritto privato$9680770 997 $aUNISALENTO 998 $ale027$b01-01-00$cm$da $e-$fita$git $h0$i1